000
00251nam a22001097a 4500
082
_a
621.381528 AVR'S
100
_a
AIRA, LESNARD D
_9
56536
245
_a
SERVICING TRANSISTORS RADIOS
260
_a
USA
_b
GERNSBACK
_c
1958
300
_a
224P
942
_c
BK
999
_c
566927
_d
566927